| 000 | 01329nam a2200301 a 4500 | ||
|---|---|---|---|
| 001 | 000028705 | ||
| 003 | DO-SdBNP | ||
| 005 | 20250924073802.0 | ||
| 008 | 101007t1975 dr acd 000 0 spa d | ||
| 040 |
_aDO-SdBNP _bspa _cBNPHU |
||
| 082 | 4 |
_a972.93053 _bC794a, 1975 _222 |
|
| 100 | 1 |
_aCordero Michel, José R., _d1931-1959 _946170 |
|
| 245 | 1 | 0 |
_aAnálisis de la Era de Trujillo : _binforme sobre la República Dominicana, 1959 / _cJosé R. Cordero Michel ; prólogo de Hugo Tolentino. |
| 250 | _a4a. ed. | ||
| 260 |
_aSanto Domingo : _bUniversitaria, _c1975. |
||
| 300 |
_a109 p. : _bil., retrs. ; _c22 cm. |
||
| 490 | 1 |
_aPublicaciones de la Universidad Autónoma de Santo Domingo _v169 |
|
| 490 | 1 |
_aHistoria y sociedad _v15 |
|
| 500 | _aIncluye referencias bibliográficas y notas al pie de las páginas. | ||
| 504 | _aBibliografía : p. 105-109. | ||
| 590 | _aInventariado, 2020/BT | ||
| 650 | 4 |
_aEducación _zRepública Dominicana _xHistoria _yEra de Trujillo, 1930-1961 _946171 |
|
| 651 | 4 |
_aRepública Dominicana _xPolítica y gobierno _yEra de Trujillo, 1930-1961 _91374 |
|
| 700 | 1 |
_aTolentino Dipp, Hugo, _d1930-2019 _epról. _912717 |
|
| 830 |
_aPublicaciones de la Universidad Autónoma de Santo Domingo _v169 _pHistoria y sociedad ; _n15 _952 |
||
| 910 | _aValidado. Control de calidad EMS. | ||
| 942 |
_2ddc _cLBS1 |
||
| 999 |
_c28197 _d28197 |
||